Hot to cold : (Registro nro. 9222)

Detalles MARC
000 -LEADER
campo de control de longitud fija 03772cam a22004334i 4500
003 - IDENTIFICADOR DE NÚMERO DE CONTROL
campo de control PE-LiUPU
005 - FECHA Y HORA DE LA ÚLTIMA TRANSACCIÓN
campo de control 20250731183341.0
008 - DATOS DE LONGITUD FIJA--INFORMACIÓN GENERAL
campo de control de longitud fija 160129s2015 sp a r 000 0 eng d
020 ## - NÚMERO INTERNACIONAL ESTÁNDAR DEL LIBRO
Número Internacional Estándar del Libro 978386557399
020 ## - NÚMERO INTERNACIONAL ESTÁNDAR DEL LIBRO
Número Internacional Estándar del Libro a3836557398
035 ## - NÚMERO DE CONTROL DEL SISTEMA
Número de control de sistema (Sirsi) i978386557399
040 ## - FUENTE DE CATALOGACIÓN
Centro catalogador/agencia de origen PE-LiUPU
Lengua de catalogación spa
Centro/agencia modificador PE-LiUPU
Normas de descripción rda
049 ## - FONDOS LOCALES (OCLC)
Biblioteca depositaria PRUA
082 04 - NÚMERO DE LA CLASIFICACIÓN DECIMAL DEWEY
Número de clasificación 720.471
Cutter H7
245 00 - MENCIÓN DEL TÍTULO
Título Hot to cold :
Resto del título an odyssey of architectural adaptation /
Mención de responsabilidad, etc. Bjarke Ingels.
264 #1 - PRODUCCIÓN, PUBLICACIÓN, DISTRIBUCIÓN, FABRICACIÓN Y COPYRIGHT
Producción, publicación, distribución, fabricación y copyright [Madrid] :
Nombre del de productor, editor, distribuidor, fabricante Taschen,
Fecha de producción, publicación, distribución, fabricación o copyright 2015.
300 ## - DESCRIPCIÓN FÍSICA
Extensión 711 páginas :
Otras características físicas ilustraciones ;
Dimensiones 26 centímetros
336 ## - TIPO DE CONTENIDO
Término de tipo de contenido text
Fuente rdacontent
337 ## - TIPO DE MEDIO
Nombre/término del tipo de medio unmediated
Fuente rdamedia
338 ## - TIPO DE SOPORTE
Nombre/término del tipo de soporte volume
Fuente rdacarrier
505 0# - NOTA DE CONTENIDO CON FORMATO
Nota de contenido con formato Middle Eastern Media HQ. Middle East -- Majlis Doha, QA -- Mina Warehouse Gallery, Abu Dhabi, United Arab Emirtes -- Kuala Lumpur Landmark Tower Kuala Lumpur, MY -- Honeycomb Albany Marina Residences Nassau, BS -- Ward Village Green Tower Honolulu, USA -- The Grove at Grand Bay Miami, USA -- Phoenix Observation Tower Phoenix, USA -- Hualien Resort and Residences Hualien, Tw -- Shenzhen Energy HQ Shenzhen, CN -- St. Petersburg Pier St Petersburg, FL, USA -- Danish 2010 Expo Pavilion Shanghai, CN -- Museum of the Human Body Montpellier, FR -- Rose Rock International Financial Center Tianjin, CN -- Yongsan International Business District Sequl, KR -- West 57th Street New York City, USA -- Pavilionon a Pier USA -- Brooklyn Bridge Park Viewing Platform New York City, USA -- The Dry Line New York City, USA -- Bignyc New York City, USA -- Europa City Paris, FR -- Malaysia Square at Battersea Powerstation London, UK -- Transitlager Lofts Basel, CH -- Vancouver House Vancouver, CA -- Telus Sky Calgary, CA -- Danish Maritime Moseum Helsingor, DK -- St Thomas Church Extensión Copenhagen , DK -- 8 House Copenhagen , DK -- Floating Student Housing Copenhagen , DK -- Loop City Copenhagen , DK -- Sydhavns Recycling Center Copenhagen , DK -- Superkilen Park Copenhagen , DK -- Gammel Hellerup Gymnasium Hellerup, DK -- The Lego House Billund, DK -- Zootopia Givskud Zoo Master plan Givskud, DK -- Blavand bunker Museum Blavand, DK -- Watch Flower Aarhus, DK -- House in Gug Aalborg, DK -- Audemars Piguet Founder's House Le Brassus, CH -- Skuru Bridge Nacka, SE Torshavn Education Center Torshavn, FO -- Kimball Art Center Park City, USA -- Tallinn Town Hall Tallinn, EE -- Uppsala Power Plant Uppsala, SE -- Museum Across a River Scandinavia -- Astana National Library Astana, KZ -- Greenland National Gallery of Art Nuuk, GL -- Koutalaki Ski Village Levi, FN -- Amager Resource Center Copenhagen, DK -- Audi Urban Future Award Miami, FL Venice, IT -- The Big Maze Washington, D.C., USA -- Big Hot Cold Exhibition Washington, D.C., USA -- Index of Projects and people -- Worldcraft.
526 ## - NOTA DE INFORMACIÓN SOBRE EL PROGRAMA DE ESTUDIO
Nombre del programa Maestría Bim Facility Management (A distancia)
526 ## - NOTA DE INFORMACIÓN SOBRE EL PROGRAMA DE ESTUDIO
Nombre del programa
526 ## - NOTA DE INFORMACIÓN SOBRE EL PROGRAMA DE ESTUDIO
Nombre del programa Educación musical y artes
526 ## - NOTA DE INFORMACIÓN SOBRE EL PROGRAMA DE ESTUDIO
Nombre del programa Educación, especialidad educación física
526 ## - NOTA DE INFORMACIÓN SOBRE EL PROGRAMA DE ESTUDIO
Nombre del programa Arquitectura
541 ## - NOTA DE FUENTE DE ADQUISICIÓN DIRECTA
-- 003-001041;
596 ## -
-- 1
650 #4 - PUNTO DE ACCESO ADICIONAL DE MATERIA--TÉRMINO DE MATERIA
Término de materia o nombre geográfico como elemento de entrada Arquitectura moderna.
650 #4 - PUNTO DE ACCESO ADICIONAL DE MATERIA--TÉRMINO DE MATERIA
Término de materia o nombre geográfico como elemento de entrada Arquitectura y clima--Exposiciones.
650 #4 - PUNTO DE ACCESO ADICIONAL DE MATERIA--TÉRMINO DE MATERIA
Término de materia o nombre geográfico como elemento de entrada Diseño arquitectónico-Exposiciones.
650 #4 - PUNTO DE ACCESO ADICIONAL DE MATERIA--TÉRMINO DE MATERIA
Término de materia o nombre geográfico como elemento de entrada Edificios
Subdivisión de forma Diseños y planos.
710 2# - ENTRADA AGREGADA--NOMBRE DE ENTIDAD CORPORATIVA
Nombre de entidad corporativa o nombre de jurisdicción como elemento de entrada Bjarke Ingels,
Término indicativo de función/relación editor.
910 ## - DATOS DE OPCIÓN DEL USUARIO (OCLC)
Datos de opción del usuario aas
-- jv
-- aas
-- 20160129
942 ## - ELEMENTOS DE ENTRADA SECUNDARIOS (KOHA)
Fuente del sistema de clasificación o colocación Clasificación Decimal Dewey
Tipo de ítem Koha
949 ## - PROCESAMIENTO DE INFORMACIÓN LOCAL (OCLC)
a 720.471 H7
w DEWEY
c 1
i 72476
d 2016-6-6
e 2016-6-1
l CCODEBUL1
m BUL
n 1
p 103.99
r 0
s Y
t BOOK
u 2016-1-29
x INGENIERIA
-- P06
0 COMPRA
o .CIRCNOTE. El documento es de alto precio.
-- .STAFF. Colección General 2
994 ## -
-- C0
-- PEPRU.
999 ## - NÚMEROS DE CONTROL DE SISTEMA (KOHA)
-- DEWEY
-- 72476
-- 2019-9-24
-- 2021-11-9
-- 6
-- CCODEBUL1
-- BUL
-- 17
-- 103.99
-- 6
-- 0
-- Y
-- BOOK
-- 2016-1-29
-- INGENIERIA
-- P06
-- COMPRA
-- .CIRCNOTE. El documento es de alto precio.
-- .STAFF. Colección General 2
980 ## - EQUIVALENCIA O REFERENCIA-CRUZADA-MENCIÓN DE SERIE--NOMBRE DE PERSONA/TÍTULO [LOCAL, CANADÁ]
ID del último usuario que modificó el registro 1
Nombre del último usuario que modificó el registro ALBERTO SANCHEZ Responsable de Automatización
Existencias
Visto por última vez Número de inventario Total de préstamos Signatura topográfica completa Código de barras Fecha del último préstamo Copia número Coste, precio de reemplazo Fecha de reemplazo Facultad Tipo de ítem Koha Nota pública Estado de pérdida Fuente del sistema de clasificación o colocación Restricciones de uso No para préstamo Colección Programa académico Biblioteca de origen Biblioteca actual Ubicación en estantería Fecha de adquisición Fuente de adquisición Coste, precio normal de compra
2025-12-03 7 18 720.471 H7 72476 2025-11-17 e1 108.99 2016-01-29 FIA Libros físicos inventario-2023-12-13 No Perdido Clasificación Decimal Dewey No restringido Disponible para préstamos Colección General Arquitectura Biblioteca CRAI UPeU Lima Biblioteca CRAI UPeU Lima Sala principal 2016-01-29 COMPRA 103.99